00503nam a2200157 a 4500008004100000020001800041050001600059100001800075245009000093260004000183300002000223350000900243650002000252650004200272650003100314070612s2007 ||||||||||||||||| || u a9780821367490 aHF 1604 Dan aYusuf, Shahid10aDancing with giants: China, India, and the global economycEdited by Winters, L. Alan aWashington, D. C.bWorld Bankc2007 axvi, 272p.:ill. a0.00 0aECONOMIC POLICY aGLOBAL ECONOMY--ASIA--CHINA AND INDIA aFOREIGN ECONOMIC RELATIONS